| 000 | 01159cam a2200313 i 4500 | ||
|---|---|---|---|
| 001 | 30462 | ||
| 003 | Mx-PuUPA | ||
| 005 | 20260131100927.0 | ||
| 008 | 140415s2006 mx gr 000 0 spa d | ||
| 020 | _a9789682473142 | ||
| 040 |
_aMx-PuUPA _bspa _cMx-PuUPA _dMx-PuUPA _erda |
||
| 041 | 0 | _aspa | |
| 100 | 1 |
_aFerreiro Gravié, Ramón, _96885 _eautor |
|
| 245 | 1 | 0 |
_aNuevas alternativas de aprender y enseñar : _baprendizaje cooperativo / _cRamón Ferreiro Gravié |
| 250 | _aPrimera edición | ||
| 264 | 1 |
_aMéxico, D.F. : _bEditorial Trillas, _c©2006 |
|
| 300 |
_a216 páginas ; _c23 cm |
||
| 336 |
_2rdacontent _atexto _btxt |
||
| 337 |
_2rdamedia _asin medio _bn |
||
| 338 |
_2rdacarrier _avolumen _bnc |
||
| 500 | _a"Tesis de trabajo cooperativo ; Desarrollo del pensamiento crítico y creativo ; Estrategias y funciones didácticas". -- Cubierta | ||
| 650 | 7 |
_2armarc _aAprendizaje |
|
| 650 | 7 |
_2armarc _aTrabajo en grupos (Educación) |
|
| 650 | 7 |
_2armarc _aEducación cooperativa |
|
| 650 | 7 |
_2armarc _aTrabajo de campo (Método educativo) |
|
| 942 |
_2ddc _cLI _h371.36 _iF36 |
||
| 999 |
_c30462 _d30462 |
||